| 000 | 01611cam a22002771i 4500 | ||
|---|---|---|---|
| 003 | SA-RiAUC | ||
| 005 | 20250923053232.0 | ||
| 008 | 250817s2019 su g 000 0 ara c | ||
| 020 | _a9789953541877 | ||
| 040 |
_aSA-JeALM _bara _cSA-RiAUC _erda |
||
| 082 | 0 | 4 |
_a240 _qSA-RiAUC |
| 090 |
_a240 _bا ب ن ز |
||
| 100 | 1 |
_aابن زيني دحلان، أحمد، _d1232-1304 هجري _eمؤلف. |
|
| 245 | 1 | 0 |
_aتقريب الأصول لتسهيل الوصول لمعرفة الرب سبحانه وتعالى والرسول صلى الله عليه وعلى آله وصحبه صلاة لا تفنى ولا تزول / _cتأليف الإمام الحافظ الفقيه إمام الحرمين الشريف أبي العباس أحمد بن زيني دحلان. اعتنت به اللجنة العلمية بمركز دار المنهاج للدراسات والتحقيق العلمي |
| 250 | _aالطبعة الأولى. | ||
| 264 | 1 |
_aجدة، المملكة العربية السعودية : _bدار المنهاج للنشر والتوزيع، _c2019 |
|
| 300 |
_a736 صفحة ؛ _c24 سم. |
||
| 336 |
_aنص _btxt _2rdacontent _3كتاب |
||
| 337 |
_aبدون وسيط _bn _2rdamedia |
||
| 338 |
_aمجلد _bnc _2rdacarrier |
||
| 500 | _aاهداء من هاني عبدالشكور الى الشيخ رحمه الله بتاريخ 25 / 3 / 1442 هـ | ||
| 650 | 7 |
_aعلم الكلام _2aucsh |
|
| 710 |
_aاللجنة العلمية بمركز دار المنهاج للدراسات والتحقيق العلمي _eمحقق. |
||
| 942 |
_2ddc _cBOOK _n0 |
||
| 949 |
_aSA-JeALM _d250817 _uosman123 _n1 |
||
| 999 |
_c12044 _d12044 |
||